Inequality, Transfers and Growth : New Evidence From the Economic Transition in Poland /

This paper challenges the conventional wisdom that inequality in Poland increased markedly during the economic transition. Income and consumption inequality actually declined in 1990-92 and rose only moderately above pre-transition levels by 1997. However, inequality in labor earnings increased mark...

Deskribapen osoa

Xehetasun bibliografikoak
Egile nagusia: Prasad, Eswar
Beste egile batzuk: Keane, Michael
Formatua: Aldizkaria
Hizkuntza:English
Argitaratua: Washington, D.C. : International Monetary Fund, 2000.
Saila:IMF Working Papers; Working Paper ; No. 2000/117
Sarrera elektronikoa:Full text available on IMF
LEADER 01930cas a2200253 a 4500
001 AALejournalIMF009939
008 230101c9999 xx r poo 0 0eng d
020 |c 5.00 USD 
020 |z 9781451854008 
022 |a 1018-5941 
040 |a BD-DhAAL  |c BD-DhAAL 
100 1 |a Prasad, Eswar. 
245 1 0 |a Inequality, Transfers and Growth :   |b New Evidence From the Economic Transition in Poland /  |c Eswar Prasad, Michael Keane. 
264 1 |a Washington, D.C. :  |b International Monetary Fund,  |c 2000. 
300 |a 1 online resource (52 pages) 
490 1 |a IMF Working Papers 
500 |a <strong>Off-Campus Access:</strong> No User ID or Password Required 
500 |a <strong>On-Campus Access:</strong> No User ID or Password Required 
506 |a Electronic access restricted to authorized BRAC University faculty, staff and students 
520 3 |a This paper challenges the conventional wisdom that inequality in Poland increased markedly during the economic transition. Income and consumption inequality actually declined in 1990-92 and rose only moderately above pre-transition levels by 1997. However, inequality in labor earnings increased markedly and consistently during 1990-97. Social transfer mechanisms, including pensions, helped mitigate increases in overall inequality and poverty. More importantly, these transfer mechanisms were well-designed to reduce political resistance to market-oriented reforms in the early years of transition, paving the way for rapid growth. Cross-country evidence from transition economies is consistent with this interpretation and with recent literature suggesting that inequality-reducing redistribution can enhance growth. 
538 |a Mode of access: Internet 
700 1 |a Keane, Michael. 
830 0 |a IMF Working Papers; Working Paper ;  |v No. 2000/117 
856 4 0 |z Full text available on IMF  |u http://elibrary.imf.org/view/journals/001/2000/117/001.2000.issue-117-en.xml  |z IMF e-Library